From local to global: (Record no. 506944)

000 -LEADER
fixed length control field 00531nam a2200169Ia 4500
008 - FIXED-LENGTH DATA ELEMENTS--GENERAL INFORMATION
fixed length control field 181130s2018 xx 000 0 und d
100 ## - MAIN ENTRY--PERSONAL NAME
Personal name Bhatia, Mamta
100 ## - MAIN ENTRY--PERSONAL NAME
Personal name Dutt, Diya and Cuevas, Danixia
245 ## - TITLE STATEMENT
Title From local to global:
Remainder of title community colleges in India and America to expand their geographic footprints
260 ## - PUBLICATION, DISTRIBUTION, ETC.
Date of publication, distribution, etc. 2018
300 ## - PHYSICAL DESCRIPTION
Extent p.23-26.
504 ## - BIBLIOGRAPHY, ETC. NOTE
-- 9-Jul
650 ## - SUBJECT ADDED ENTRY--TOPICAL TERM
Topical term or geographic name entry element Colleges and Universities
650 ## - SUBJECT ADDED ENTRY--TOPICAL TERM
Topical term or geographic name entry element Community colleges - India
773 ## - HOST ITEM ENTRY
Main entry heading University News
906 ## - LOCAL DATA ELEMENT F, LDF (RLIN)
a Colleges and Universities
Holdings
Withdrawn status Lost status Damaged status Not for loan Permanent Location Current Location Date acquired Serial Enumeration / chronology Barcode Date last seen Price effective from Koha item type
        Indian Institute of Public Administration Indian Institute of Public Administration 2018-12-07 56(28),9-Jul, 2018: p.23-26. AR117830 2018-12-07 2018-12-07 Articles

Powered by Koha